000 00632nam a22001937a 4500
005 20251108171733.0
008 250721s1979 xx 000 0 ara d
082 1 4 _aم/922.13/خزر
100 1 _aالأنصاري، صفي الدين أحمد بن عبد الله الخزرجي
245 1 0 _aخلاصة تذهيب تهذيب الكمال في أسماء الرجال /
250 _aط3
264 1 _aحلب :
_bمكتب المطبوعات الإسلامية،
_c1979.
300 _a500ص
650 1 7 _aالمحدثون
650 1 7 _aرجال الحديث
650 1 7 _aتراجم
942 _2ddc
_cREF
999 _c61199
_d61199